Predaj firmy - práva a povinnosti zamestnancov

Prechod práv a povinností z pracovnoprávnych vzťahov. Zánik zamestnávateľa, ktorý má právneho nástupcu a nemá právneho nástupcu. Predmet zmluvy o predaji podniku.

Salvato in:
Dettagli Bibliografici
Autore principale: Mrukviová Tomiová, Sandra
Natura: Capitolo di libro
Lingua:slovacco
Soggetti:
Tags: Aggiungi Tag
Nessun Tag, puoi essere il primo ad aggiungerne!!

MARC

LEADER 00000naa a2200000 4500
001 0304138
005 20240910074846.4
041 0 |a slo 
044 |a SK 
245 1 0 |a Predaj firmy - práva a povinnosti zamestnancov  |c Sandra Mrukviová Tomiová 
520 |a Prechod práv a povinností z pracovnoprávnych vzťahov. Zánik zamestnávateľa, ktorý má právneho nástupcu a nemá právneho nástupcu. Predmet zmluvy o predaji podniku. 
610 2 0 |a firmy 
610 2 0 |a predaj 
610 2 0 |a zamestnanci 
610 2 0 |a povinnosti zamestnávateľov 
610 2 0 |a právo pracovné 
610 2 0 |a vzťahy pracovnoprávne 
610 2 0 |a zákonník práce 
100 1 |a Mrukviová Tomiová, Sandra